000 00575nam a2200157Ia 4500
008 210716s2014 xx 000 0 und d
020 _a9781849693226
041 _aeng
082 _a004.607 BRAB
100 _aBradley, Brian.
245 _aPhotographic rendering with v-ray for sketchup: an all inclusive guide to creating a photo quality v-ray render for sketchup.
_bAn all inclusive guide to creating a photo quality v-ray render for sketchup.
250 _a1
260 _aMumbai
_bPackt Publishing Ltd
_c2014
300 _avi,309
650 _aWeb Design & Development
999 _c196244
_d196244